|
|
|
|
| LEADER |
00000nab a2200000 a 4500 |
| 001 |
vtls000779410 |
| 003 |
SK-MaSNL |
| 005 |
20260304131002.0 |
| 008 |
250429c2001 xo 0 slo |
| 015 |
|
|
|a SNBRB2002/02-03691
|
| 035 |
|
|
|a CLN000131175
|
| 035 |
|
|
|a urn:nbn:sk:snk-abagss
|
| 035 |
|
|
|a (urnnbn)urn:nbn:sk:snk:ar-007ua4
|
| 035 |
|
|
|a (uuid)519a30fa-5b0c-4e14-baf8-1de97d5e8254
|
| 040 |
|
|
|a SNKBUCL
|b slo
|c SNKBUCL
|e AACR2
|
| 041 |
0 |
|
|a slo
|
| 044 |
|
|
|a xo
|c SK
|
| 080 |
|
|
|a 616.12-072.7-053.2
|2 1997
|
| 100 |
1 |
|
|a Hupka, Vladimír,
|d 1948-
|4 aut
|9 240806
|
| 245 |
1 |
0 |
|a Funkčné vyšetrenie kardiovaskulárneho systému u detí
|c V. Hupka, P. Martanovič, E. Balážová
|
| 246 |
1 |
1 |
|a Functional examination of the cardiovascular system in children
|
| 300 |
|
|
|b Obr., tab.
|
| 504 |
|
|
|a Res. angl., slov.
|
| 504 |
|
|
|a Bibliogr. odkazy
|
| 650 |
0 |
7 |
|a srdce
|x vyšetrenie funkčné
|x kontraindikácie
|x deti
|2 snkbucl
|9 1443336
|
| 650 |
0 |
7 |
|a vyšetrenie srdca funkčné
|x metódy
|x kontraindikácie
|x deti
|2 snkbucl
|9 1443337
|
| 650 |
0 |
7 |
|a test záťažový
|x metódy
|x kontraindikácie
|x deti
|2 snkbucl
|9 1443338
|
| 650 |
0 |
7 |
|a ergometria
|x metódy
|x kontraindikácie
|x deti
|2 snkbucl
|9 1443339
|
| 650 |
0 |
7 |
|a choroby kardiovaskulárne
|x diagnostika
|x deti
|2 snkbucl
|9 1443340
|
| 650 |
0 |
7 |
|a vyšetrenia srdca, funkčné
|x metódy
|x kontraindikácie
|x využitie
|x u dojčiat a detí
|2 snkbucl
|9 1443341
|
| 650 |
0 |
7 |
|a test záťažový
|x metódy
|x kontraindikácie
|x využitie
|x u dojčiat a detí
|2 snkbucl
|9 1443342
|
| 650 |
0 |
7 |
|a ergometria
|x metódy
|x kontraindikácie
|x využitie
|x u dojčiat a detí
|2 snkbucl
|9 1443343
|
| 650 |
0 |
7 |
|a choroby kardiovaskulárne
|x diagnóza
|x u dojčiat a detí
|2 snkbucl
|9 1443344
|
| 655 |
|
7 |
|a články z novín a časopisov
|2 snkbucl
|9 267496
|
| 700 |
1 |
|
|a Martanovič, P.
|4 aut
|9 822507
|
| 700 |
1 |
|
|a Balážová, E.
|4 aut
|9 630189
|
| 773 |
0 |
|
|t Česko-slovenská pediatrie
|g Roč. 56, č. 7 (2001), s. 371-374
|x 0069-2328
|
| 850 |
|
|
|a Slovenská národná knižnica
|
| 852 |
|
|
|a Slovenská národná knižnica
|
| 954 |
|
|
|a odborná, vedecká literatúra pôvodná (slovenská)
|2 lita
|
| 958 |
|
|
|a article14
|
| 958 |
|
|
|a OND
|
| 958 |
|
|
|a MI
|
| 958 |
|
|
|a NB
|
| 958 |
|
|
|a EUIPO
|
| 999 |
|
|
|c 2895892
|d 2897822
|